[Event "Titled Tuesday intern op 27th Feb Late"]
[Site "Chess.com INT"]
[Date "2024.02.27"]
[Round "6"]
[White "Makaraci, Tunahan"]
[Black "Rastbod, Ali"]
[Result "1/2-1/2"]
[WhiteElo "2238"]
[BlackElo "2221"]
[PlyCount "158"]
[EventDate "2024.02.27"]
[EventType "swiss (blitz)"]
[EventRounds "11"]
[EventCountry "USA"]
[SourceTitle "CB10_2024"]
[SourceDate "2024.03.06"]
[SourceVersion "1"]
[SourceVersionDate "2024.03.06"]
[SourceQuality "1"]

1. e4 e6 2. d4 d5 3. Nd2 Nc6 4. Ne2 e5 5. c3 exd4 6. cxd4 dxe4 7. Nxe4 Bb4+ 8. Bd2 Bxd2+ 9. Qxd2 Nge7 10. N4c3 0-0 11. g3 Nf5 12. 0-0-0 Nd6 13. d5 Ne5 14. Nd4 Re8 15. f4 Nec4 16. Bxc4 Nxc4 17. Qd3 Nb6 18. Nb3 a5 19. Rhe1 Bg4 20. Rxe8+ Qxe8 21. Rg1 a4 22. Nc5 a3 23. b3 Nd7 24. Nxd7 Qxd7 25. Re1 Rd8 26. Qe3 h5 27. Qe7 Qc8 28. Re5 f6 29. Re3 b5 30. Nxb5 Rxd5 31. Nxa3 Rd1+ 32. Kb2 Qa6 33. Qe8+ Kh7 34. Qb5 Rd2+ 35. Kc3 Qd6 36. Nc4 Qd4+ 37. Kb4 Rc2 38. Qc5 Rxc4+ 39. bxc4 Qd2+ 40. Rc3 Bd1 41. Qe3 Qb2+ 42. Rb3 Bxb3 43. axb3 Qxh2 44. Qe4+ Kh6 45. Qe3 Kg6 46. c5 Qg2 47. Kb5 Qb7+ 48. Kc4 c6 49. Qe4+ Kh6 50. Qd4 Qb5+ 51. Kc3 Kg6 52. Qd3+ Qxd3+ 53. Kxd3 Kf5 54. Kd4 Ke6 55. b4 g5 56. Ke4 f5+ 57. Kd4 gxf4 58. gxf4 Kd7 59. Ke3 Kc7 60. Kf3 Kb7 61. Kg3 Ka6 62. Kh4 Kb5 63. Kxh5 Kxb4 64. Kg5 Kxc5 65. Kxf5 Kd4 66. Ke6 c5 67. f5 c4 68. f6 c3 69. f7 c2 70. f8Q c1Q 71. Qf6+ Kd3 72. Qf5+ Kd2 73. Qf4+ Kc2 74. Qc4+ Kd2 75. Qd4+ Kc2 76. Qf2+ Qd2 77. Qc5+ Qc3 78. Qf5+ Qd3 79. Qxd3+ Kxd3 1/2-1/2

[Event "Titled Tuesday intern op 27th Feb Late"]
[Site "Chess.com INT"]
[Date "2024.02.27"]
[Round "5"]
[White "Rastbod, Ali"]
[Black "Paravyan, David"]
[Result "1/2-1/2"]
[WhiteElo "2221"]
[BlackElo "2612"]
[PlyCount "107"]
[EventDate "2024.02.27"]
[EventType "swiss (blitz)"]
[EventRounds "11"]
[EventCountry "USA"]
[SourceTitle "CB10_2024"]
[SourceDate "2024.03.06"]
[SourceVersion "1"]
[SourceVersionDate "2024.03.06"]
[SourceQuality "1"]

1. e4 e5 2. Nf3 Nf6 3. Nc3 Nc6 4. h3 Bb4 5. Bd3 0-0 6. 0-0 Re8 7. Re1 d6 8. Ne2 Bc5 9. Ng3 Ne7 10. c3 Ng6 11. Bc2 Bb6 12. d4 h6 13. Be3 Bd7 14. a4 c6 15. b4 exd4 16. Bxd4 Bxd4 17. cxd4 Qc7 18. Qd3 Rad8 19. Qc3 Qb8 20. a5 Be6 21. Re3 b6 22. a6 Rc8 23. Bd3 c5 24. bxc5 dxc5 25. Bb5 cxd4 26. Qxd4 Red8 27. Qb4 Rc5 28. Bf1 Qf4 29. Nd4 Qe5 30. Nxe6 Qxe6 31. Rae1 Qe5 32. Nf5 Ne7 33. f4 Qc7 34. Nxe7+ Qxe7 35. Qb2 Rc7 36. Rg3 Qc5+ 37. Kh1 Qd4 38. Qb1 Qd2 39. Rf3 Rc3 40. Rxc3 Qxc3 41. e5 Nh5 42. Rd1 Rxd1 43. Qxd1 Nxf4 44. Qd8+ Kh7 45. Qd7 Qe1 46. Qf5+ Ng6 47. Qxf7 Nxe5 48. Qf5+ g6 49. Qf6 h5 50. Qe7+ Kh6 51. Qf8+ Kh7 52. Qe7+ Kh6 53. Qf8+ Kh7 54. Qe7+ 1/2-1/2

[Event "Titled Tuesday intern op 27th Feb Late"]
[Site "Chess.com INT"]
[Date "2024.02.27"]
[Round "2"]
[White "Yang, Kevin S"]
[Black "Rastbod, Ali"]
[Result "0-1"]
[WhiteElo "2096"]
[BlackElo "2221"]
[PlyCount "58"]
[EventDate "2024.02.27"]
[EventType "swiss (blitz)"]
[EventRounds "11"]
[EventCountry "USA"]
[SourceTitle "CB10_2024"]
[SourceDate "2024.03.06"]
[SourceVersion "1"]
[SourceVersionDate "2024.03.06"]
[SourceQuality "1"]

1. Nf3 c5 2. c4 Nc6 3. Nc3 g6 4. h4 Nf6 5. b3 Bg7 6. Bb2 0-0 7. e3 e6 8. Be2 d5 9. cxd5 exd5 10. Na4 Qe7 11. Rc1 b6 12. d4 Ne4 13. dxc5 Bxb2 14. Nxb2 bxc5 15. Qxd5 Bb7 16. Qc4 Nb4 17. Ng5 Bd5 18. Nxe4 Bxc4 19. Rxc4 Nxa2 20. h5 Rac8 21. hxg6 hxg6 22. Na4 Nb4 23. Nexc5 Nd5 24. 0-0 a5 25. Bg4 Rcd8 26. Bf3 Kg7 27. Rd1 Nxe3 28. fxe3 Qxe3+ 29. Kf1 Rh8 0-1

[Event "Titled Tuesday intern op 12th Sep Late"]
[Site "Chess.com INT"]
[Date "2023.09.12"]
[Round "1"]
[White "Fernandez Siles, Luis"]
[Black "Rastbod, Ali"]
[Result "0-1"]
[WhiteElo "2218"]
[BlackElo "2256"]
[PlyCount "90"]
[EventDate "2023.09.12"]
[EventType "swiss (blitz)"]
[EventRounds "11"]
[EventCountry "USA"]
[SourceTitle "EXT 2024"]
[Source "ChessBase"]
[SourceDate "2023.10.10"]
[SourceVersion "1"]
[SourceVersionDate "2023.10.10"]
[SourceQuality "1"]

1. e4 Nc6 2. Nf3 g6 3. d4 Bg7 4. d5 Nb8 5. c4 d6 6. h3 Nf6 7. Nc3 0-0 8. Bd3 c6 9. 0-0 Nbd7 10. Be3 Nc5 11. Bc2 a5 12. Nd4 Qb6 13. Nb3 Nfd7 14. Nxc5 Nxc5 15. Na4 Qb4 16. Nxc5 dxc5 17. Rb1 Qxc4 18. Bd3 Qxa2 19. Bxc5 cxd5 20. Qe2 Be6 21. e5 a4 22. Bxe7 Rfe8 23. Bf6 d4 24. Bb5 Rec8 25. Bxg7 Kxg7 26. f4 a3 27. f5 Bxf5 28. Rxf5 Qxb1+ 29. Rf1 Qxf1+ 30. Qxf1 axb2 31. Qf6+ Kg8 32. Bd3 Rc1+ 33. Kh2 b1Q 34. Bxb1 Rxb1 35. e6 Rf8 36. exf7+ Rxf7 37. Qd8+ Rf8 38. Qd5+ Kg7 39. Qxd4+ Rf6 40. Qd7+ Kh6 41. Qd2+ g5 42. h4 Rb5 43. Qd4 Rbf5 44. Qg4 gxh4 45. Qxh4+ Rh5 0-1

[Event "Titled Tuesday intern op 12th Sep Late"]
[Site "Chess.com INT"]
[Date "2023.09.12"]
[Round "3"]
[White "Yoo, Christopher Woojin"]
[Black "Rastbod, Ali"]
[Result "1-0"]
[WhiteElo "2606"]
[BlackElo "2256"]
[PlyCount "75"]
[EventDate "2023.09.12"]
[EventType "swiss (blitz)"]
[EventRounds "11"]
[EventCountry "USA"]
[SourceTitle "EXT 2024"]
[Source "ChessBase"]
[SourceDate "2023.10.10"]
[SourceVersion "1"]
[SourceVersionDate "2023.10.10"]
[SourceQuality "1"]

1. c4 e5 2. g3 c6 3. Nf3 e4 4. Nd4 Nf6 5. Bg2 Qb6 6. Nb3 a5 7. d4 a4 8. c5 Qb4+ 9. Bd2 Qc4 10. Qc1 Qxc1+ 11. Nxc1 d5 12. cxd6 Bxd6 13. Bg5 0-0 14. Bxf6 gxf6 15. Bxe4 Re8 16. Bf3 Bh3 17. Nd3 Nd7 18. Nc3 a3 19. b3 Nb6 20. 0-0-0 f5 21. Nf4 Bg4 22. Bxg4 fxg4 23. h3 Nd5 24. Ncxd5 cxd5 25. Kd2 gxh3 26. Rxh3 Bb4+ 27. Kd3 Red8 28. Rh5 Ra5 29. Rdh1 Bf8 30. Rxh7 Bg7 31. R7h5 Rb5 32. Rg5 Rd6 33. Rhh5 Rb4 34. e3 Rc6 35. Nxd5 Rxb3+ 36. axb3 a2 37. Rh1 Rh6 38. Ra1 1-0

[Event "Titled Tuesday intern op 05th Sep Late"]
[Site "Chess.com INT"]
[Date "2023.09.05"]
[Round "1"]
[White "Mao, Fengxi"]
[Black "Rastbod, Ali"]
[Result "1/2-1/2"]
[WhiteElo "2118"]
[BlackElo "2256"]
[PlyCount "116"]
[EventDate "2023.09.05"]
[EventType "swiss (blitz)"]
[EventRounds "11"]
[EventCountry "USA"]
[SourceTitle "EXT 2024"]
[Source "ChessBase"]
[SourceDate "2023.10.10"]
[SourceVersion "1"]
[SourceVersionDate "2023.10.10"]
[SourceQuality "1"]

1. Nf3 Nf6 2. b3 c5 3. Bb2 d5 4. e3 Qc7 5. c4 dxc4 6. Bxc4 g6 7. 0-0 Bg7 8. Nc3 0-0 9. Rc1 a6 10. d4 cxd4 11. Nxd4 Qd8 12. Be2 Nbd7 13. Qc2 e5 14. Nf3 Qe7 15. Nb1 Rd8 16. Ba3 Qe8 17. Nbd2 b5 18. Ne4 Nxe4 19. Qxe4 Ra7 20. Rfd1 Bb7 21. Qh4 h6 22. Rc7 Bxf3 23. Rxa7 Bxe2 24. Rd2 b4 25. Bxb4 Bb5 26. Qe7 Qxe7 27. Bxe7 Rc8 28. h3 Nf8 29. a4 Rc1+ 30. Kh2 Bf1 31. Rd8 Rc2 32. Kg3 f5 33. Bxf8 Bxf8 34. Raa8 f4+ 35. exf4 exf4+ 36. Kf3 g5 37. Rxf8+ Kg7 38. Rfb8 Rc3+ 39. Ke4 Bxg2+ 40. Kd4 Rxh3 41. Ra7+ Kg6 42. Rxa6+ Kf5 43. Rb5+ Kg4 44. Rbb6 h5 45. Rg6 Bf1 46. Ra5 Rxb3 47. Raxg5+ Kf3 48. Rg3+ fxg3 49. Rxg3+ Kxf2 50. Rxb3 h4 51. a5 h3 52. Rxh3 Bxh3 53. a6 Bg2 54. a7 Ba8 55. Kc5 Bh1 56. Kb6 Ba8 57. Kc7 Bh1 58. a8Q Bxa8 1/2-1/2

[Event "Titled Tuesday intern op 05th Sep Late"]
[Site "Chess.com INT"]
[Date "2023.09.05"]
[Round "7"]
[White "Mitev, Valentin"]
[Black "Rastbod, Ali"]
[Result "1-0"]
[WhiteElo "2261"]
[BlackElo "2256"]
[PlyCount "93"]
[EventDate "2023.09.05"]
[EventType "swiss (blitz)"]
[EventRounds "11"]
[EventCountry "USA"]
[SourceTitle "EXT 2024"]
[Source "ChessBase"]
[SourceDate "2023.10.10"]
[SourceVersion "1"]
[SourceVersionDate "2023.10.10"]
[SourceQuality "1"]

1. d4 g6 2. e4 Bg7 3. Nc3 d6 4. Be3 a6 5. Qd2 b5 6. Nf3 Bb7 7. Bd3 Nd7 8. 0-0 e6 9. a3 h6 10. h3 Ne7 11. Rad1 g5 12. Rfe1 Nb6 13. Qe2 Ng6 14. e5 d5 15. Bxg6 fxg6 16. Qd3 0-0 17. Qxg6 Qe8 18. Qxe8 Rfxe8 19. b3 Bf8 20. Bc1 Rac8 21. Na2 a5 22. Bd2 a4 23. Bb4 c5 24. Bxc5 Bxc5 25. dxc5 Rxc5 26. Nd4 axb3 27. cxb3 Kf7 28. b4 Rc6 29. Nxb5 Ke7 30. Nd6 Rxd6 31. exd6+ Kxd6 32. Nc3 Ke7 33. a4 Rc8 34. a5 Rxc3 35. axb6 Rc4 36. Rc1 Kd6 37. Rxc4 dxc4 38. Rc1 Kd5 39. Kf1 Kd4 40. f3 c3 41. Ke2 Ba6+ 42. Kd1 Kd3 43. b5 Bb7 44. Ra1 Kc4 45. Ra7 Kb3 46. Rxb7 Kb2 47. Rc7 1-0

[Event "Titled Tuesday intern op 05th Sep Early"]
[Site "Chess.com INT"]
[Date "2023.09.05"]
[Round "1"]
[White "Rastbod, Ali"]
[Black "Krzywda, Andrzej"]
[Result "1-0"]
[WhiteElo "2256"]
[BlackElo "2210"]
[PlyCount "75"]
[EventDate "2023.09.05"]
[EventType "swiss (blitz)"]
[EventRounds "11"]
[EventCountry "USA"]
[SourceTitle "EXT 2024"]
[Source "ChessBase"]
[SourceDate "2023.10.10"]
[SourceVersion "1"]
[SourceVersionDate "2023.10.10"]
[SourceQuality "1"]

1. e4 e5 2. Nf3 Nf6 3. Nc3 Bb4 4. Bd3 d6 5. a3 Ba5 6. b4 Bb6 7. Na4 0-0 8. 0-0 Re8 9. Re1 Nc6 10. Nxb6 axb6 11. Bb2 Ne7 12. Bf1 Ng6 13. g3 h6 14. Bg2 Nh7 15. d4 Qe7 16. Qd3 Ng5 17. Nxg5 hxg5 18. c3 Bd7 19. Bc1 Nf8 20. Bd2 Ne6 21. d5 Nf8 22. c4 g6 23. Be3 Kg7 24. c5 bxc5 25. bxc5 dxc5 26. Rac1 b6 27. Red1 Ba4 28. Rd2 Red8 29. f4 gxf4 30. gxf4 exf4 31. Bxf4 f6 32. Qg3 Rd7 33. e5 fxe5 34. Bxe5+ Kg8 35. d6 cxd6 36. Bd5+ Ne6 37. Qxg6+ Kf8 38. Rf2+ 1-0

[Event "Titled Tuesday intern op 29th Aug Late"]
[Site "Chess.com INT"]
[Date "2023.08.29"]
[Round "1"]
[White "Antova, Gabriela"]
[Black "Rastbod, Ali"]
[Result "0-1"]
[WhiteElo "2223"]
[BlackElo "2256"]
[PlyCount "74"]
[EventDate "2023.08.29"]
[EventType "swiss (blitz)"]
[EventRounds "11"]
[EventCountry "USA"]
[SourceTitle "EXT 2024"]
[Source "ChessBase"]
[SourceDate "2023.10.10"]
[SourceVersion "1"]
[SourceVersionDate "2023.10.10"]
[SourceQuality "1"]

1. d4 Nf6 2. Nf3 c5 3. d5 b5 4. a4 b4 5. c4 e6 6. Bg5 exd5 7. cxd5 h6 8. Bxf6 Qxf6 9. Qc2 d6 10. e4 g5 11. Nbd2 Bg7 12. Nc4 0-0 13. Be2 g4 14. Nfd2 h5 15. 0-0-0 Nd7 16. f3 Nb6 17. Rdf1 Qe7 18. fxg4 hxg4 19. h3 g3 20. Rf3 f5 21. Bd3 f4 22. Rhf1 Be5 23. a5 Nxc4 24. Nxc4 Bd7 25. Qd2 Qh4 26. Bc2 Kg7 27. Bb3 Rf6 28. Nxe5 dxe5 29. d6 Bc6 30. Kb1 Rd8 31. Qc2 Rfxd6 32. Re1 Qe7 33. Ka2 Rd4 34. Rc1 Bxe4 35. Qxc5 Qxc5 36. Rxc5 Bxf3 37. gxf3 g2 0-1

[Event "Titled Tuesday intern op 08th Aug Late"]
[Site "Chess.com INT"]
[Date "2023.08.08"]
[Round "5"]
[White "Rastbod, Ali"]
[Black "Zhigalko, Sergei"]
[Result "0-1"]
[WhiteElo "2256"]
[BlackElo "2572"]
[PlyCount "42"]
[EventDate "2023.08.08"]
[EventType "swiss (blitz)"]
[EventRounds "11"]
[EventCountry "USA"]
[SourceTitle "EXT 2024"]
[Source "ChessBase"]
[SourceDate "2023.10.10"]
[SourceVersion "1"]
[SourceVersionDate "2023.10.10"]
[SourceQuality "1"]

1. Nf3 d5 2. c4 d4 3. b4 Bg4 4. Qb3 Nf6 5. Bb2 Bxf3 6. Qxf3 e5 7. Qxb7 Nbd7 8. a3 a5 9. c5 Rb8 10. Qc6 axb4 11. axb4 Rxb4 12. Ba3 Rb3 13. e3 Qb8 14. Bc4 Rxb1+ 15. Rxb1 Qxb1+ 16. Ke2 Qb8 17. exd4 exd4 18. Kf3 Be7 19. Re1 Qd8 20. Bb2 0-0 21. Bxd4 Nb8 0-1

[Event "Titled Tuesday intern op 08th Aug Late"]
[Site "Chess.com INT"]
[Date "2023.08.08"]
[Round "6"]
[White "Toncheva, Nadya"]
[Black "Rastbod, Ali"]
[Result "0-1"]
[WhiteElo "2253"]
[BlackElo "2256"]
[PlyCount "120"]
[EventDate "2023.08.08"]
[EventType "swiss (blitz)"]
[EventRounds "11"]
[EventCountry "USA"]
[SourceTitle "EXT 2024"]
[Source "ChessBase"]
[SourceDate "2023.10.10"]
[SourceVersion "1"]
[SourceVersionDate "2023.10.10"]
[SourceQuality "1"]

1. e4 Nf6 2. e5 Nd5 3. c4 Nb6 4. d4 d6 5. exd6 cxd6 6. Nc3 g6 7. Be3 Bg7 8. Be2 0-0 9. Nf3 Bg4 10. Nd2 Bxe2 11. Qxe2 Nc6 12. Nf3 e5 13. d5 Nd4 14. Qd3 Rc8 15. Nd2 f5 16. f3 Qc7 17. b3 a6 18. 0-0 Nd7 19. Rac1 b5 20. Kh1 Nc5 21. Qb1 b4 22. Na4 Nxa4 23. bxa4 Qa5 24. Bxd4 exd4 25. Qb3 Bh6 26. Rcd1 Rfe8 27. Nb1 Re3 28. Qc2 Qxd5 29. a3 Qxc4 30. Qxc4+ Rxc4 31. axb4 Rxb4 32. a5 d5 33. Nd2 Re2 34. Nb1 Rbb2 35. Rxd4 Bg5 36. Rxd5 Rxg2 37. Re1 Rxh2+ 38. Kg1 Rbg2+ 39. Kf1 Kg7 40. Rd7+ Kh6 41. Rd3 Ra2 42. Kg1 Bf4 43. Nc3 Rag2+ 44. Kf1 Bb8 45. Re2 Rxe2 46. Nxe2 Rh1+ 47. Kg2 Ra1 48. Rd5 Ra2 49. Kf1 Bc7 50. Nd4 Rxa5 51. Rd7 Be5 52. Ne6 Ra2 53. Nf8 Kg5 54. Nxh7+ Kf4 55. Nf8 Kxf3 56. Ke1 Ra1+ 57. Kd2 Bf4+ 58. Kc2 g5 59. Rd5 Ke4 60. Rc5 Rc1+ 0-1

[Event "Titled Tuesday intern op 01st Aug Early"]
[Site "Chess.com INT"]
[Date "2023.08.01"]
[Round "4"]
[White "Bochnicka, Vladimir1111"]
[Black "Rastbod, Ali"]
[Result "0-1"]
[WhiteElo "2368"]
[BlackElo "2256"]
[PlyCount "53"]
[EventDate "2023.08.01"]
[EventType "swiss (blitz)"]
[EventRounds "11"]
[EventCountry "USA"]
[SourceTitle "EXT 2024"]
[Source "ChessBase"]
[SourceDate "2023.10.10"]
[SourceVersion "1"]
[SourceVersionDate "2023.10.10"]
[SourceQuality "1"]

1. e4 Nc6 2. Nf3 g6 3. d4 Bg7 4. Be3 d6 5. Qd2 Bg4 6. Be2 e5 7. d5 Bxf3 8. Bxf3 Nd4 9. Bd1 f5 10. c3 f4 11. Bxd4 exd4 12. cxd4 Qf6 13. Nc3 Qxd4 14. Qxf4 Nf6 15. 0-0 0-0 16. Bc2 a6 17. Rad1 Qb4 18. Qc1 Ng4 19. h3 Nxf2 20. Rxf2 Bd4 21. Rdf1 Rxf2 22. Rxf2 Rf8 23. a3 Bxf2+ 24. Kh1 Qd4 25. Bd1 Be3 26. Qc2 Rf1+ 27. Kh2 0-1

[Event "Titled Tuesday intern op 01st Aug Late"]
[Site "Chess.com INT"]
[Date "2023.08.01"]
[Round "6"]
[White "Jimenez Jimenez, Leandro"]
[Black "Rastbod, Ali"]
[Result "0-1"]
[WhiteElo "2141"]
[BlackElo "2256"]
[PlyCount "52"]
[EventDate "2023.08.01"]
[EventType "swiss (blitz)"]
[EventRounds "11"]
[EventCountry "USA"]
[SourceTitle "EXT 2024"]
[Source "ChessBase"]
[SourceDate "2023.10.10"]
[SourceVersion "1"]
[SourceVersionDate "2023.10.10"]
[SourceQuality "1"]

1. e4 e6 2. c4 d5 3. e5 dxc4 4. Nf3 g5 5. Qa4+ Nc6 6. Qxc4 Bg7 7. Qe4 h5 8. h3 Qd5 9. Nc3 Qxe4+ 10. Nxe4 g4 11. hxg4 hxg4 12. Rxh8 Bxh8 13. Nh2 Nxe5 14. d4 Nc6 15. Bf4 f5 16. Nc3 Nxd4 17. 0-0-0 Bd7 18. Bxc7 Rc8 19. Bf4 e5 20. Bg5 Bc6 21. Kb1 Ne7 22. Re1 b5 23. a3 a5 24. Bc1 b4 25. axb4 axb4 26. Ne2 Be4+ 0-1

[Event "Titled Tuesday intern op 01st Aug Late"]
[Site "Chess.com INT"]
[Date "2023.08.01"]
[Round "3"]
[White "Lehtosaari, Mauri"]
[Black "Rastbod, Ali"]
[Result "0-1"]
[WhiteElo "2138"]
[BlackElo "2256"]
[PlyCount "102"]
[EventDate "2023.08.01"]
[EventType "swiss (blitz)"]
[EventRounds "11"]
[EventCountry "USA"]
[SourceTitle "EXT 2024"]
[Source "ChessBase"]
[SourceDate "2023.10.10"]
[SourceVersion "1"]
[SourceVersionDate "2023.10.10"]
[SourceQuality "1"]

1. d4 f5 2. Nf3 Nf6 3. Bf4 d6 4. e3 g6 5. Be2 Bg7 6. h3 0-0 7. 0-0 h6 8. Bh2 g5 9. Nfd2 Qe8 10. c4 e5 11. Nc3 Nc6 12. dxe5 dxe5 13. Nd5 Qf7 14. Nxf6+ Qxf6 15. c5 Kh8 16. Qc2 Be6 17. Bc4 Bxc4 18. Nxc4 f4 19. Qe4 Qf5 20. Qxf5 Rxf5 21. Rad1 Rf7 22. b3 Kg8 23. Rfe1 Kf8 24. f3 Re7 25. e4 Ke8 26. Kf1 Rd8 27. Rxd8+ Nxd8 28. Rd1 Re6 29. Bg1 Nc6 30. Ke2 h5 31. Na3 a6 32. Nb1 Bf6 33. Nc3 Bd8 34. Nd5 Rg6 35. b4 g4 36. hxg4 hxg4 37. Bf2 g3 38. Bg1 Na7 39. a4 c6 40. Nc3 Nc8 41. Nb1 b6 42. cxb6 Bxb6 43. Bxb6 Nxb6 44. a5 Nc8 45. Rh1 Re6 46. Nd2 Nd6 47. Nb3 Nb5 48. Nc5 Rd6 49. Rh8+ Kf7 50. Rh5 Nc3+ 51. Ke1 Rd1# 0-1